000 02518nam0a2200349 4500
001 RU\NLR\BIBL_A\011500374
005 20250626081155.0
035 _a(NLR Aleph) 011500374
090 _a11994289
_c11994289
100 _a20171020d1896 |||y0rusy50 ca
101 0 _arus
102 _aRU
105 _ay|||z|||000zy
200 1 _aРудник погибели
_e(пещера "Кан-и-гут")
_fН. Маллицкий
210 _aТашкент
_cТипо-литография т. д. "Ф. и Г. бр. Каменские"
_d1896
215 _a18 с.
_d23
300 _aАвт. указан в конце текста
309 _aБез тит. л. и обл.
311 _aПриложение к Протоколу от 11 дек. 1896 г.
316 _aВплетено в изд. конволют: Туркестанский кружок любителей археологии за второй год его деятельности (11 дек. 1896 г. - 11 дек. 1897 г.). Ташкент: Типо-литография торг. дома "Ф. и Г. бр. Каменские", 1897
_5NLR
320 _aБиблиогр. в подстроч. примеч.
422 0 _12001#$aПротокол заседания Общего собрания членов Туркестанского кружка любителей археологии, состоявшегося 11 декабря 1896 года, в зале генера-губернаторского дома
_1210##$a[Ташкент$d1896]
_tПротокол заседания Общего собрания членов Туркестанского кружка любителей археологии, состоявшегося 11 декабря 1896 года, в зале генера-губернаторского дома
517 1 _a(пещера "Кан-и-гут")
517 1 _aТуркестанский кружок любителей археологии за второй год его деятельности (11 дек. 1896 г. - 11 дек. 1897 г.)
601 0 2 _aТуркестанский кружок любителей археологии
_jДокументы и материалы
_xИстория
_z1895 - 1917
_91040354
_3RU\NLR\AUTH\6682586
686 1 _aТ4е(28)л52,11
700 1 _aМаллицкий
_bН.Г.
_f1873-1947
_gНиколай Гурьевич
852 _aNLR
_j38.15.4.36(2-2)
942 _cBOOK
980 _aNB